रोहित ज्ञान-विज्ञान एन्साइक्लोपीडिया; (Record no. 61476)
[ view plain ]
| 000 -LEADER | |
|---|---|
| fixed length control field | 01254nam a22001457a 4500 |
| 005 - DATE AND TIME OF LATEST TRANSACTION | |
| control field | 20120125113956.0 |
| 020 ## - INTERNATIONAL STANDARD BOOK NUMBER | |
| International Standard Book Number | 97881905101111 |
| Terms of availability | 395.00 |
| 100 ## - MAIN ENTRY--PERSONAL NAME | |
| Personal name | निशांत सिंह |
| 245 ## - TITLE STATEMENT | |
| Title | रोहित ज्ञान-विज्ञान एन्साइक्लोपीडिया; |
| Remainder of title | कीट पतंगों का जीवन/ |
| Statement of responsibility, etc | निशांत सिंह; मधुसूदन त्रिपाठी द्वारा सहयोग, श्याम जगोता द्वारा चित्रित |
| 260 ## - PUBLICATION, DISTRIBUTION, ETC. (IMPRINT) | |
| Place of publication, distribution, etc | दिल्ली |
| Name of publisher, distributor, etc | रोहित पब्लिशिंग हाउस |
| Date of publication, distribution, etc | 2011 |
| 270 ## - ADDRESS | |
| Address | 518/6 बी, कड़कड़ी रोड, विश्वास नगर |
| City | दिल्ली |
| Postal code | 110032 |
| 300 ## - PHYSICAL DESCRIPTION | |
| Extent | 144 पृ. |
| Other physical details | सचित्र |
| Dimensions | 24 सेमी (सजिल्द) |
| 490 ## - SERIES STATEMENT | |
| Series statement | विज्ञान विषयों पर उत्कृष्ट लेखन के लिेए भारत लरकार द्वारा "महासागर राष्ट्रीय पुरस्कार" l से सम्मानित साहित्यकार डॅा निशांत सिंह |
| -- | 40133 |
| 942 ## - ADDED ENTRY ELEMENTS (KOHA) | |
| Source of classification or shelving scheme | Dewey Decimal Classification |
| Item type | Children Books |
| Call number suffix | निशांत |
No items available.
